| 000 | 01569nam2a22002651 4500 | ||
|---|---|---|---|
| 001 | RU\NLR\INFOCOMM31\5000084527 | ||
| 005 | 20250617025857.0 | ||
| 035 | _a(NLR Aleph) 002401174 | ||
| 090 |
_a4660110 _c4660110 |
||
| 100 | _a20050117d1932 |||y0rusy50 ca | ||
| 101 | 0 | _arus | |
| 102 | _aRU | ||
| 105 | _ay ||||000|y | ||
| 200 | 1 |
_aУлучшение аэродинамических свойств крыла путем отсасывания и сдувания пограничного слоя _fП.П. Красильщиков |
|
| 210 |
_d1932 _aБ. м. |
||
| 423 | 0 |
_12001#$aИсследование самолетов с переменной площадью крыла$fВ. Шмейдлер _1700#1$aШмейдлер$bВ. _tИсследование самолетов с переменной площадью крыла _aШмейдлер, В. |
|
| 461 | 0 |
_1001RU\NLR\INFOCOMM31\5000084321 _12001#$aТехнические заметки$fЦентр. аэро-гидродинам. ин-т им. проф. Н.Е. Жуковского$v№6 _94659747 _aЦентральный аэрогидродинамический институт имени Н.Е. Жуковского (Москва) _cМ. _d1932-1939 _fЦентр. аэро-гидродинам. ин-т им. проф. Н.Е. Жуковского _tТехнические заметки _v№6 |
|
| 700 | 1 |
_aКрасильщиков _bП.П. _4070 |
|
| 801 | 1 |
_aRU _bInfoComm _c20050117 |
|
| 801 | 0 |
_aRU _bNLR _gPSBO |
|
| 852 |
_aNLR _jП11/1014 |
||
| 942 | _cISSUE | ||
| 980 | _aNB | ||
| 980 | _aRUSPER | ||